El corazón de la patria / (Registro nro. 4118)

Detalles MARC
000 -LEADER
fixed length control field 00801nam a2200229Ia 4500
003 - CONTROL NUMBER IDENTIFIER
control field OSt
005 - DATE AND TIME OF LATEST TRANSACTION
control field 20200925154405.0
008 - FIXED-LENGTH DATA ELEMENTS--GENERAL INFORMATION
fixed length control field 191128s2008 ck gr 000 0 spa d
040 ## - CATALOGING SOURCE
Original cataloging agency CO-JMCR
Transcribing agency CO-JMCR
041 0# - LANGUAGE CODE
Language code of text/sound track or separate title spa
082 04 - DEWEY DECIMAL CLASSIFICATION NUMBER
Classification number 923.186 /
Item number C112c
Edition number 23
100 1# - MAIN ENTRY--PERSONAL NAME
Personal name Caballero Argáez, Carlos,
Relator term autor
9 (RLIN) 2409
245 13 - TITLE STATEMENT
Title El corazón de la patria /
Statement of responsibility, etc. Carlos Caballero Argáez y Belisario Betancur
260 ## - PUBLICATION, DISTRIBUTION, ETC.
Place of publication, distribution, etc. Bogotá :
Name of publisher, distributor, etc. Boom Servicios Gráficos integrados [impresor],
Date of publication, distribution, etc. impresión 2008
300 ## - PHYSICAL DESCRIPTION
Extent 36 páginas ;
Dimensions 24 cm.
500 ## - GENERAL NOTE
General note Letra inicial capital.
600 1# - SUBJECT ADDED ENTRY--PERSONAL NAME
Personal name Betancur Cuartas, Belisario,
Chronological subdivision 1923
9 (RLIN) 10885
650 14 - SUBJECT ADDED ENTRY--TOPICAL TERM
Topical term or geographic name entry element Pensamiento político y social
9 (RLIN) 4686
650 14 - SUBJECT ADDED ENTRY--TOPICAL TERM
Topical term or geographic name entry element Crítica e interpretación
9 (RLIN) 10886
700 1# - ADDED ENTRY--PERSONAL NAME
Personal name Betancur, Belisario,
Relator term autor
9 (RLIN) 10887
942 ## - ADDED ENTRY ELEMENTS (KOHA)
Source of classification or shelving scheme Dewey Decimal Classification
Koha item type Books
Existencias
Withdrawn status Lost status Source of classification or shelving scheme Damaged status Not for loan Collection code Home library Current library Date acquired Source of acquisition Full call number Barcode Date last seen Copy number Koha item type
    Dewey Decimal Classification     Non-fiction Biblioteca Pública José María del Castillo y Rada Biblioteca Pública José María del Castillo y Rada 12/01/2018 Donación 923.186 / C112c 201808924 05/16/2024 Ej.1 Books